000 00740nam a22002297a 4500
001 44039
003 BD-RjUL
005 20211209053806.0
008 160712r19721962ii ||||| |||| 00| 0 ben d
020 _a: IRs 5.50
035 _a(BD-RjUL)44157
040 _aBD-RjUL
_bben
_cBD-RjUL
041 _aben
082 _223
_a891.443
_bJOC 1972
100 _aজরাসঙ্ক
_9135268
245 1 0 _aছায়াতীর /
_bজরাসঙ্ক
260 _aকলিকাতা :
_bমিত্র ও ঘোষ,
_c১৯৭২ [১৩৭৯]
300 _a১৬৮ পৃ. ;
_c২১ সেমি.
650 _aবাংলা উপন্যাস
_9135269
650 _aBengali Fiction
_9135270
942 _2ddc
_cBK
999 _c44039
_d44039